Cómo elaborar proyectos para la Unión Europea / (Record no. 106847)

MARC details
000 -CABECERA
campo de control de longitud fija 00710nam a2200217 a 4500
005 - FECHA Y HORA DE LA ÚLTIMA TRANSACCIÓN
campo de control 20230331063806.0
008 - ELEMENTOS DE LONGITUD FIJA--INFORMACIÓN GENERAL
campo de control de longitud fija 040913s2001 mx r 000 0 spa d
020 ## - NÚMERO INTERNACIONAL NORMALIZADO PARA LIBROS
Número Internacional Estándar del Libro 8483164450
035 ## - NÚMERO DE CONTROL DEL SISTEMA
Número de control de sistema UPN01000134696
049 ## - COLECCIÓN
Colección CG
050 #4 - SIGNATURA TOPOGRÁFICA DE LA BIBLIOTECA DEL CONGRESO
Número de clasificación HD69 P7.5
Número de documento/Ítem A3.2
100 1# - ASIENTO PRINCIPAL--NOMBRE PERSONAL
Nombre de persona Aguilar Idáñez, María José
9 (RLIN) 28676
245 10 - MENCIÓN DE TÍTULO
Título Cómo elaborar proyectos para la Unión Europea /
Mención de responsabilidad, etc. Ma. José Aguilar, José Manuel Fresno, Ezequiel Ander-Egg.
260 ## - PUBLICACIÓN, DISTRIBUCIÓN, ETC.
Lugar de publicación, distribución, etc. Madrid :
Nombre del editor, distribuidor, etc. CCS,
Fecha de publicación, distribución, etc. 2001.
300 ## - DESCRIPCIÓN FÍSICA
Extensión 144 p.
440 #0 - MENCIÓN DE SERIE/ASIENTO SECUNDARIO--TÍTULO
Título Intervención social ;
Designación de volumen o secuencia 2
650 #7 - ASIENTO SECUNDARIO DE MATERIA - TERMINO TEMATICO
Término de materia o nombre geográfico como elemento de entrada Elaboración de proyectos
Fuente del encabezamiento o término
9 (RLIN) 14002
700 1# - ASIENTO SECUNDARIO--NOMBRE DE PERSONAL
Nombre de persona Fresno, José Manuel,
Término indicativo de función/relación coaut.
700 1# - ASIENTO SECUNDARIO--NOMBRE DE PERSONAL
Nombre de persona Ander-Egg, Ezequiel,
Fechas asociadas al nombre 1930-
Término indicativo de función/relación coaut.
9 (RLIN) 28724
905 ## - TIPO DE MATERIAL
Tipo de material Libro
Holdings
Estado de retiro Estado de pérdida Fuente del sistema de clasificación o colocación Estado dañado No para préstamo Código de colección Localización permanente Ubicación/localización actual Ubicación en estantería Total de préstamos Clasificación Código de barras Fecha visto por última vez Número de copia Tipo de ítem Koha
    Library of Congress Classification     Colección General Bib. Gregorio Torres Quintero Bib. Gregorio Torres Quintero Planta baja 1 HD69 P7.5 A3.2 220936 31/12/2020 1 Libro